000 00508nam a2200205Ia 4500
003 OSt
005 20140311163113.0
008 140130s9999 xx 000 0 und d
020 _a0439642876
050 _aPZ 7
_b.H389Li 2004
100 _aHenkes, Kevin
_924083
245 _aLilly's purple plastic purse /
_cKevin Henkes.
260 _bScholastic,
_c2004.
_aNew York :
300 _bcol. ill. ;
_c24 cm.
440 _v1
_930990
521 _aG3
526 _c540
942 _cBK
_2lcc
999 _c40617
_d40617